|
|
|
|
| LEADER |
01473nam a22003017a 4500 |
| 001 |
32912 |
| 003 |
BD-DhAAL |
| 005 |
20250814211043.0 |
| 008 |
180404r20172010bd ||||| |||| 00| 0 ben d |
| 020 |
|
|
|a 9789849277262
|
| 040 |
|
|
|a BD-DhAAL
|c BD-DhAAL
|
| 041 |
|
|
|a ben
|
| 082 |
|
|
|a 891.441
|2 22
|
| 100 |
|
|
|a গুন, নির্মলেন্দু ,
|d ১৯৪৫-
|9 17736
|
| 245 |
|
|
|a কাব্যসমগ্র.
|n ৪র্থ খণ্ড /
|c নির্মলেন্দু গুন.
|
| 246 |
|
|
|a Collection poems
|
| 260 |
|
|
|a ঢাকা :
|b কাকলী প্রকাশনী,
|c c২০১০ [মুদ্রণ ২০১৭].
|
| 300 |
|
|
|a ৩১০ পৃষ্ঠা ;
|c ২২ সে.মি.
|
| 362 |
|
|
|a Vol. 4
|
| 500 |
|
|
|a প্রচ্ছদশিল্পী - সমর মজুমদার
|
| 526 |
|
|
|a OCA
|
| 541 |
|
|
|a Office of Co-curricular Activities
|e 32912
|
| 650 |
|
|
|a Bengali poetry
|9 17737
|
| 852 |
|
|
|a Ayesha Abed Library
|c General Stacks
|
| 942 |
|
|
|2 ddc
|c BK
|
| 999 |
|
|
|c 39182
|d 39182
|
| 952 |
|
|
|0 0
|1 0
|2 ddc
|4 0
|6 891_441000000000000_GOO
|7 0
|9 63019
|a BRACUL
|b BRACUL
|c GEN
|d 2018-03-29
|e Office of Co-Curricular Activities
|g 325.00
|l 1
|m 1
|o 891.441 GOO
|p 3010032912
|r 2020-03-05
|s 2018-05-07
|t 1
|v 325.00
|w 2018-03-29
|y BK
|
| 952 |
|
|
|0 0
|1 0
|2 ddc
|4 0
|6 891_441000000000000_GOO
|7 0
|9 63133
|a BRACUL
|b BRACUL
|c GEN
|d 2018-04-11
|e Kakali Prokashoni
|g 325.00
|l 3
|m 12
|o 891.441 GOO
|p 3010032972
|q 2026-06-02
|r 2026-05-20
|s 2026-05-20
|t 2
|v 325.00
|w 2018-04-11
|y BK
|